Stanovenie daňového výdavku „Spotreba PHL“ pri vozidle nezaradenom v obchodnom majetku fyzickej osoby

Vzor internej smernice „Používanie súkromného motorového vozidla na pracovné cesty podnikateľa“, opis jej obsahu a vzorové situácie. Smernica sa týka podnikajúcich fyzických osôb (živnostníkov a SZČO), ktoré nemajú motorové vozidlo evidované v obchodnom majetku. Výdavky na stravovanie, ubytovanie a...

Descrizione completa

Salvato in:
Dettagli Bibliografici
Autore principale: Cígerová, Nadežda
Natura: Capitolo di libro
Lingua:slovacco
Soggetti:
Tags: Aggiungi Tag
Nessun Tag, puoi essere il primo ad aggiungerne!!

MARC

LEADER 00000naa a2200000 4500
001 0312027
005 20250902164549.6
041 0 |a slo 
044 |a SK 
245 1 0 |a Stanovenie daňového výdavku „Spotreba PHL“ pri vozidle nezaradenom v obchodnom majetku fyzickej osoby  |c Nadežda Cígerová 
520 |a Vzor internej smernice „Používanie súkromného motorového vozidla na pracovné cesty podnikateľa“, opis jej obsahu a vzorové situácie. Smernica sa týka podnikajúcich fyzických osôb (živnostníkov a SZČO), ktoré nemajú motorové vozidlo evidované v obchodnom majetku. Výdavky na stravovanie, ubytovanie a cestovné náklady. 
610 2 0 |a smernice organizačné 
610 2 0 |a vzory 
610 2 0 |a výdavky daňové 
610 2 0 |a cesty pracovné 
610 2 0 |a náhrada cestovného 
610 2 0 |a vozidlá motorové 
610 2 0 |a majetok súkromný 
610 2 0 |a osoby samostatne zárobkovo činné 
610 2 0 |a živnostníci 
100 1 |a Cígerová, Nadežda